| 000 | 00802nam a22001937a 4500 | ||
|---|---|---|---|
| 003 | OSt | ||
| 005 | 20241024122816.0 | ||
| 008 | 241024s2018 ag ||||| |||| 00| 0 spa d | ||
| 020 | _a9789875040601 | ||
| 040 | _cbesoc | ||
| 100 | 1 |
_aAlvarado, Maite, _d1952-2002, _eautor |
|
| 245 | 1 | 3 |
_aEl lecturón : _bGimnasia para despabilar lectores / _cMaite Alvarado ; ilustración de tapa de Bianki ; ilustración de interior de Martín Mosquera |
| 260 |
_aBuenos Aires : _bEl Hacedor, _bQuipu, _c2018 |
||
| 300 | _a140 p. | ||
| 505 | 0 | _aA ver, a ver -- Gemelas y advertencias -- Sapo de otro pozo -- Los reducidores de cabezas -- A los tumbos -- Ayuda-memoria -- El que busca encuentra -- Soluciones. | |
| 650 | 4 |
_aEducación _xLectura _xEjercicios |
|
| 700 | 1 |
_aMosquera, Martín, _eilustrador |
|
| 942 |
_2udc _cLPD _n0 |
||
| 999 |
_c364 _d364 |
||